[Event "SVK-chT2A 2223"]
[Site "Slovakia"]
[Date "2022.11.12"]
[Round "3.7"]
[White "Capanda, Jan"]
[Black "Janov, Marian"]
[Result "1/2-1/2"]
[WhiteElo "1884"]
[BlackElo "1784"]
[PlyCount "29"]
[EventDate "2022.10.08"]
[EventType "team-tourn"]
[EventRounds "11"]
[EventCountry "SVK"]
[SourceTitle "EXT 2024"]
[Source "ChessBase"]
[SourceDate "2023.10.10"]
[SourceVersion "1"]
[SourceVersionDate "2023.10.10"]
[SourceQuality "1"]
[WhiteTeam "Modranka Komplet"]
[BlackTeam "Bratislava Slovan IV"]
[WhiteTeamCountry "SVK"]
[BlackTeamCountry "SVK"]

1. e4 c5 2. Nf3 d6 3. c4 Nc6 4. d4 cxd4 5. Nxd4 Nf6 6. Nc3 Bd7 7. Be2 g6 8. 0-0 Bg7 9. Be3 0-0 10. f4 a6 11. f5 Rc8 12. Re1 Qb6 13. Na4 Qc7 14. Nc3 Qb6 15. Na4 1/2-1/2

[Event "SVK-chT1W 2122"]
[Site "Slovakia"]
[Date "2022.02.27"]
[Round "4.8"]
[White "Malinovsky, Jozef"]
[Black "Janov, Marian"]
[Result "1/2-1/2"]
[WhiteElo "1681"]
[BlackElo "1830"]
[PlyCount "85"]
[EventDate "2021.11.06"]
[EventType "team-tourn"]
[EventRounds "11"]
[EventCountry "SVK"]
[SourceTitle "EXT 2023"]
[Source "ChessBase"]
[SourceDate "2022.10.05"]
[SourceVersion "1"]
[SourceVersionDate "2022.10.05"]
[SourceQuality "1"]
[WhiteTeam "Povazska Bystrica"]
[BlackTeam "Bratislava Slovan III"]
[WhiteTeamCountry "SVK"]
[BlackTeamCountry "SVK"]

1. c4 Nf6 2. Nc3 g6 3. d4 d5 4. Nf3 Bg7 5. cxd5 Nxd5 6. e4 Nxc3 7. bxc3 0-0 8. Be3 c5 9. Be2 Nc6 10. 0-0 Bg4 11. Rb1 cxd4 12. cxd4 Bxf3 13. Bxf3 Nxd4 14. Rxb7 Nxf3+ 15. Qxf3 Qa5 16. Qe2 e6 17. Rd1 Qa4 18. f3 Rfb8 19. Rdb1 Rxb7 20. Rxb7 Bd4 21. Kf2 Bxe3+ 22. Kxe3 Qc6 23. Qb2 Rc8 24. Rb8 Qc5+ 25. Ke2 h5 26. Rxc8+ Qxc8 27. Kd3 Qa6+ 28. Ke3 Qa5 29. a3 Qc5+ 30. Ke2 Qg1 31. Qb8+ Kh7 32. Qg3 Qd4 33. Qc7 Kg7 34. Qc1 a5 35. h3 a4 36. Kf1 Qd3+ 37. Kg1 Qd4+ 38. Kh1 e5 39. Kh2 Kf6 40. Qc6+ Kg7 41. Qc1 Qd3 42. Kh1 f6 43. Kh2 1/2-1/2

[Event "SVK-chT2D 1718"]
[Site "Slovakia"]
[Date "2018.02.24"]
[Round "8.6"]
[White "Popovic, Martin"]
[Black "Janov, Marian"]
[Result "1-0"]
[WhiteElo "1851"]
[BlackElo "1920"]
[PlyCount "47"]
[EventDate "2017.10.28"]
[EventType "team-tourn"]
[EventRounds "11"]
[EventCountry "SVK"]
[SourceTitle "EXT 2019"]
[Source "ChessBase"]
[SourceDate "2018.10.10"]
[SourceVersion "1"]
[SourceVersionDate "2018.10.10"]
[SourceQuality "1"]
[WhiteTeam "Kosice Slavia TU IV"]
[BlackTeam "Poprad LS VD"]
[WhiteTeamCountry "SVK"]
[BlackTeamCountry "SVK"]

1. e4 c5 2. Nf3 d6 3. d4 cxd4 4. Nxd4 Nf6 5. Nc3 a6 6. Bg5 e6 7. f4 Be7 8. Qf3 Nbd7 9. 0-0-0 Qc7 10. g4 b5 11. Bxf6 Bxf6 12. g5 Bxd4 13. Rxd4 Bb7 14. Bxb5 axb5 15. Nxb5 Qc6 16. Nxd6+ Ke7 17. a3 Rhd8 18. Rhd1 Nc5 19. f5 Rxd6 20. f6+ Kd7 21. fxg7 Rxd4 22. Qxf7+ Kd6 23. Rxd4+ Ke5 24. Qf6# 1-0

[Event "SVK-chT2D 1617"]
[Site "Slovakia"]
[Date "2016.12.03"]
[Round "5.6"]
[White "Janov, Marian"]
[Black "Zrost, Rudolf"]
[Result "1-0"]
[WhiteElo "1947"]
[BlackElo "2010"]
[PlyCount "109"]
[EventDate "2016.10.08"]
[EventType "team-tourn"]
[EventRounds "11"]
[EventCountry "SVK"]
[SourceTitle "EXT 2018"]
[Source "ChessBase"]
[SourceDate "2017.10.13"]
[SourceVersion "1"]
[SourceVersionDate "2017.10.13"]
[SourceQuality "1"]
[WhiteTeam "Poprad LS VD"]
[BlackTeam "Spisska Nova Ves"]
[WhiteTeamCountry "SVK"]
[BlackTeamCountry "SVK"]

1. e4 c6 2. d4 d5 3. exd5 cxd5 4. Nf3 Nf6 5. Bd3 Nc6 6. c3 Bg4 7. h3 Bxf3 8. Qxf3 e6 9. Bg5 Be7 10. Nd2 h6 11. Bh4 Rc8 12. 0-0 0-0 13. Rfe1 Re8 14. Qe2 a6 15. Nf3 Nd7 16. Bxe7 Qxe7 17. Rac1 Qf6 18. Qe3 Na5 19. Ne5 Nxe5 20. Qxe5 Qxe5 21. Rxe5 Nc6 22. Ree1 Rc7 23. Rc2 Rec8 24. Rce2 Na5 25. f4 Nc4 26. f5 exf5 27. Bxf5 Rf8 28. Bd3 g6 29. Bxc4 dxc4 30. Re7 Rfc8 31. Re8+ Rxe8 32. Rxe8+ Kg7 33. Kf2 Rc6 34. Ke1 Kf6 35. Kd2 b5 36. a3 Rd6 37. Re5 h5 38. Ke3 Rb6 39. Ke4 a5 40. Rc5 Ke6 41. d5+ Kd7 42. Ke5 f6+ 43. Kd4 g5 44. Ke4 g4 45. hxg4 hxg4 46. g3 Kd6 47. Rc8 f5+ 48. Kd4 Rb7 49. Rc6+ Kd7 50. Ke5 b4 51. axb4 axb4 52. Rxc4 bxc3 53. bxc3 Rb5 54. Rd4 Rb3 55. Rd3 1-0

[Event "SVK-chT2D 1617"]
[Site "Slovakia"]
[Date "2016.11.05"]
[Round "3.6"]
[White "Janov, Marian"]
[Black "Fedorko, Martin"]
[Result "1/2-1/2"]
[WhiteElo "1947"]
[BlackElo "2056"]
[PlyCount "107"]
[EventDate "2016.10.08"]
[EventType "team-tourn"]
[EventRounds "11"]
[EventCountry "SVK"]
[SourceTitle "EXT 2018"]
[Source "ChessBase"]
[SourceDate "2017.10.13"]
[SourceVersion "1"]
[SourceVersionDate "2017.10.13"]
[SourceQuality "1"]
[WhiteTeam "Poprad LS VD"]
[BlackTeam "Kosice Slavia TU IV"]
[WhiteTeamCountry "SVK"]
[BlackTeamCountry "SVK"]

1. e4 c5 2. Nf3 Nc6 3. d4 cxd4 4. Nxd4 Nf6 5. Nc3 e6 6. a3 a6 7. Be2 Qc7 8. Bg5 Be7 9. 0-0 0-0 10. Qd2 Rd8 11. Rad1 b5 12. Nxc6 dxc6 13. Qe3 Bb7 14. e5 Nd5 15. Nxd5 cxd5 16. Bxe7 Qxe7 17. c3 Rac8 18. Rd4 Rf8 19. f4 g6 20. g3 Kg7 21. Bd3 f5 22. exf6+ Qxf6 23. Re1 Rce8 24. Qe5 Qxe5 25. Rxe5 Kf6 26. Bf1 Re7 27. Rd1 Rd8 28. Bg2 Rd6 29. Rd4 Rd8 30. Kf2 Rc7 31. Bf1 Rg7 32. h4 Ke7 33. Bd3 Kf6 34. Bf1 h6 35. Bh3 Re7 36. Rd1 Rd6 37. Rde1 Bc8 38. h5 gxh5 39. Rxh5 Kg6 40. Rhe5 Kf6 41. Kf3 Bd7 42. f5 d4 43. fxe6 dxc3 44. bxc3 Bxe6 45. Kf4 Rc6 46. Rxe6+ Rcxe6 47. Rxe6+ Rxe6 48. Bxe6 Kxe6 49. Kg4 Kf6 50. Kh5 Kg7 51. g4 Kh7 52. g5 hxg5 53. Kxg5 Kg7 54. Kf5 1/2-1/2